Astrology - Essential Dignities (Modern) - Statistics

General Stats
  • This quiz has been taken 115 times
  • The average score is 26 of 40
Answer Stats
Planet Domicile % Correct
Sun Leo
100%
Mars Aries
98%
Moon Cancer
95%
Neptune Pisces
95%
Jupiter Sagittarius
95%
Pluto Scorpio
95%
Mercury {Gemini} and {Virgo}
93%
Venus {Taurus} and {Libra}
93%
Saturn Capricorn
92%
Uranus Aquarius
88%
Sun Aries
73%
Venus Pisces
68%
Moon Taurus
68%
Venus {Aries} and {Scorpio}
66%
Moon Capricorn
64%
Mercury Virgo
64%
Sun Aquarius
63%
Jupiter Gemini
61%
Mars Libra
61%
Mercury {Sagittarius} and {Pisces}
61%
Saturn Libra
59%
Mars Capricorn
58%
Sun Libra
58%
Saturn Cancer
56%
Neptune Virgo
56%
Jupiter Cancer
54%
*Neptune Cancer / Leo
54%
Uranus Leo
53%
Uranus Scorpio
53%
Pluto Taurus
53%
Moon Scorpio
51%
Mars Cancer
47%
Mercury Pisces
47%
Venus Virgo
47%
Saturn Aries
46%
*Pluto Aries / Virgo
44%
Jupiter Capricorn
42%
*Neptune Capricorn / Aquarius
37%
Uranus Taurus
37%
*Pluto Libra / Pisces
36%
No matching quizzes found
Score Distribution
Percent of People with Each Score
Percentile by Number Answered
Your Score History
You have not taken this quiz